The skleleton of British Neolitic man (Registro nro. 39332)

Detalles MARC
000 -LEADER
campo de control de longitud fija 00524nam a2200157 i 4500
001 - NÚMERO DE CONTROL
campo de control 39332
003 - IDENTIFICADOR DE NÚMERO DE CONTROL
campo de control ES-MaACL
005 - FECHA Y HORA DE LA ÚLTIMA TRANSACCIÓN
campo de control 20230906155941.0
007 - CAMPO FIJO DE DESCRIPCIÓN FÍSICA--INFORMACIÓN GENERAL
campo de control de longitud fija t|
008 - DATOS DE LONGITUD FIJA--INFORMACIÓN GENERAL
campo de control de longitud fija 030227s1834 xxk ||||1| eng d
100 1# - ENTRADA PRINCIPAL--NOMBRE DE PERSONA
Nombre de persona Cameron, John.
9 (RLIN) 34064
245 14 - MENCIÓN DEL TÍTULO
Título The skleleton of British Neolitic man
Resto del título : including a comparison with that of other prehistoire periods and more modern tinus /
Mención de responsabilidad, etc. by John Cameron.
260 ## - PUBLICACIÓN, DISTRIBUCIÓN, ETC.
Lugar de publicación, distribución, etc. London :
Nombre del editor, distribuidor, etc. [s.n.,
Fecha de publicación, distribución, etc. 1834] (
Fabricante Unwin Brothers Lim)
300 ## - DESCRIPCIÓN FÍSICA
Extensión 272 p. ;
Dimensiones 22 cm.
852 ## - LOCALIZACIÓN
Ubicación ES-MaACL
Número de control de estantería A-4624
Existencias
Estatus retirado Estado de pérdida Estado de daño No para préstamo Colección Biblioteca de origen Biblioteca actual Ubicación en estantería Fecha de adquisición Fuente de adquisición Total de préstamos Signatura topográfica completa Código de barras Visto por última vez Precio de reemplazo Tipo de ítem Koha
        Libros del s. XIX Biblioteca del Ateneo de Madrid Biblioteca del Ateneo de Madrid Sala Pecera Planta 1 17/01/2008     A-4624 1041420 23/02/2023 23/02/2023 Libro impreso antiguo